Statistics for Every 1,000,000+ City on a Map by Syllable

Click here to take the quiz!

General Stats

  • This quiz has been taken 497 times
  • The average score is 251 of 603

Answers on the Map

Answers color-coded by a green-red scale on the quiz's map according to % correct below.
 

Answer Stats

CityCountryPopulation% Correct
LeedsUnited Kingdom2,150,000
95%
LilleFrance1,300,000
95%
SeoulSouth Korea25,000,000
94%
SousseTunisia1,170,000
94%
MinskBelarus2,050,000
91%
OmskRussia1,150,000
90%
PermRussia1,110,000
89%
PerthAustralia2,075,000
89%
PragueCzech Republic1,460,000
89%
RomeItaly3,500,000
88%
JosNigeria1,050,000
84%
NanyangChina1,300,000
81%
New YorkUnited States21,800,000
81%
TashkentUzbekistan3,300,000
80%
TokyoJapan40,500,000
80%
ShanghaiChina34,100,000
79%
StockholmSweden2,250,000
79%
Lu'anChina1,000,000
78%
MeccaSaudi Arabia2,200,000
78%
MoscowRussia17,400,000
78%
MuscatOman1,330,000
78%
DalianChina4,625,000
77%
DallasUnited States7,300,000
77%
DelhiIndia31,300,000
77%
DoualaCameroon3,450,000
77%
DublinIreland1,400,000
77%
FesMorocco1,290,000
77%
LondonUnited Kingdom14,800,000
77%
ManausBrazil2,250,000
77%
MunichGermany2,275,000
77%
ParisFrance11,400,000
76%
AthensGreece3,500,000
75%
AucklandNew Zealand1,490,000
75%
AustinUnited States2,000,000
75%
CairoEgypt21,500,000
75%
MadridSpain6,700,000
75%
MedanIndonesia4,075,000
75%
QomIran1,320,000
75%
TehranIran15,500,000
75%
TurinItaly1,610,000
75%
Sana'aYemen2,900,000
74%
SantosBrazil1,760,000
74%
ShantouChina7,750,000
74%
SheffieldUnited Kingdom1,570,000
74%
StocktonUnited States1,290,000
74%
SydneyAustralia5,400,000
74%
BelemBrazil2,250,000
73%
BerlinGermany4,750,000
73%
BhilaiIndia2,975,000
73%
ChangchunChina3,750,000
73%
MelbourneUnited States1,220,000
73%
MelbourneAustralia5,050,000
73%
MumbaiIndia25,600,000
73%
WarsawPoland2,350,000
72%
BanjulGambia1,010,000
71%
BaojiChina1,240,000
71%
BeijingChina20,000,000
71%
DhanbadIndia1,400,000
71%
DubaiUAE5,700,000
71%
DurbanSouth Africa3,475,000
71%
MalangIndonesia1,760,000
71%
MiamiUnited States6,350,000
71%
MilanItaly6,150,000
71%
AbaNigeria1,180,000
70%
BakuAzerbaijan2,625,000
70%
BangkokThailand19,400,000
70%
BanguiCAR1,230,000
70%
BelgradeSerbia1,430,000
70%
BishkekKyrgyzstan1,120,000
70%
OsloNorway1,210,000
70%
BaghdadIraq7,150,000
69%
BandungIndonesia7,050,000
69%
BaodingChina2,150,000
69%
Benin CityNigeria1,700,000
69%
BordeauxFrance1,100,000
69%
BrusselsBelgium2,725,000
69%
BursaTurkey2,125,000
69%
BusanSouth Korea4,075,000
69%
Cologne / DusseldorfGermany5,000,000
69%
Ho Chi Minh CityVietnam10,600,000
69%
LisbonPortugal2,500,000
69%
SalemIndia1,140,000
69%
Salt Lake CityUnited States2,525,000
69%
BaotouChina2,250,000
68%
BatamIndonesia1,450,000
68%
BostonUnited States7,700,000
68%
CaliColombia2,900,000
68%
Cape TownSouth Africa4,300,000
68%
CharlotteUnited States2,500,000
68%
ClevelandUnited States3,050,000
68%
LimaPeru11,100,000
68%
LomeTogo2,175,000
68%
TaipeiTaiwan9,150,000
68%
TampaUnited States4,475,000
68%
AgraIndia2,350,000
67%
AlgiersAlgeria4,025,000
67%
AmmanJordan5,700,000
67%
AnshanChina2,650,000
67%
George TownMalaysia2,175,000
67%
PortoPortugal1,550,000
67%
PutianChina1,410,000
67%
RiyadhSaudi Arabia8,400,000
67%
SendaiJapan1,500,000
67%
BasraIraq1,560,000
66%
BeirutLebanon1,790,000
66%
DakarSenegal3,925,000
66%
DhakaBangladesh20,300,000
66%
DohaQatar2,300,000
66%
PatnaIndia2,725,000
66%
PhoenixUnited States4,800,000
66%
Pointe-NoireCongo1,220,000
66%
PortlandUnited States2,450,000
66%
PuneIndia7,100,000
66%
StuttgartGermany2,400,000
66%
GanzhouChina1,560,000
65%
GazaPalestine / Israel2,025,000
65%
GuangzhouChina47,600,000
65%
TainanTaiwan1,310,000
65%
TunisTunisia2,725,000
65%
BengbuChina1,600,000
64%
BrisbaneAustralia3,225,000
64%
Kansas CityUnited States2,000,000
64%
KhartoumSudan6,500,000
64%
KotaIndia1,420,000
64%
MarseilleFrance1,680,000
64%
MersinTurkey1,010,000
64%
MosulIraq1,430,000
64%
MysoreIndia1,250,000
64%
HamburgGermany2,875,000
63%
HarbinChina5,150,000
63%
HuaibeiChina1,570,000
63%
HubliIndia1,160,000
63%
KharkivUkraine1,630,000
63%
KirkukIraq1,050,000
63%
MultanPakistan2,150,000
63%
NagpurIndia3,325,000
63%
NaplesItaly4,150,000
63%
San JuanUnited States1,920,000
63%
SerangIndonesia1,170,000
63%
ShirazIran1,800,000
63%
SuratIndia6,900,000
63%
DavaoPhilippines1,600,000
62%
DenverUnited States3,800,000
62%
GlasgowUnited Kingdom1,690,000
62%
IstanbulTurkey16,200,000
62%
LeonMexico2,150,000
62%
LyonFrance1,990,000
62%
BremenGermany1,000,000
61%
DatongChina1,680,000
61%
DetroitUnited States5,750,000
61%
MeerutIndia1,780,000
61%
BarcelonaSpain4,875,000
60%
CangnanChina1,120,000
60%
ChennaiIndia11,600,000
60%
HanoiVietnam4,025,000
60%
HoustonUnited States6,800,000
60%
HuainanChina1,970,000
60%
JakartaIndonesia32,100,000
60%
LagosNigeria20,100,000
60%
ManilaPhilippines26,300,000
60%
VancouverCanada2,900,000
60%
AccraGhana5,200,000
59%
ChicagoUnited States9,650,000
59%
Los AngelesUnited States17,600,000
59%
SeattleUnited States4,475,000
59%
ToulouseFrance1,080,000
59%
WeihaiChina1,220,000
59%
WuhanChina9,250,000
59%
WuhuChina1,530,000
59%
ChangshaChina5,050,000
58%
ChangshuChina1,060,000
58%
DammamSaudi Arabia2,575,000
58%
JuarezMexico1,560,000
58%
KievUkraine3,475,000
58%
Kuwait CityKuwait4,500,000
58%
Mexico CityMexico24,500,000
58%
QuettaPakistan1,180,000
58%
QuitoEcuador2,775,000
58%
RabatMorocco2,075,000
58%
Rostov-on-DonRussia1,300,000
58%
Saint PetersburgRussia5,650,000
58%
SevilleSpain1,300,000
58%
KabulAfghanistan4,475,000
57%
San FranciscoUnited States7,750,000
57%
Tai'anChina1,490,000
57%
AnkaraTurkey5,150,000
56%
HaikouChina1,900,000
56%
HavanaCuba2,225,000
56%
Hong KongChina7,550,000
56%
LahorePakistan13,500,000
56%
La PazBolivia2,125,000
56%
São PauloBrazil22,600,000
56%
TianjinChina13,200,000
56%
TorontoCanada7,650,000
56%
ChangdeChina1,200,000
55%
ChengduChina10,000,000
55%
OsakaJapan17,700,000
55%
BogotaColombia9,800,000
54%
FrankfurtGermany3,275,000
54%
HelsinkiFinland1,320,000
54%
JeddahSaudi Arabia5,150,000
54%
KunmingChina4,325,000
54%
MemphisUnited States1,160,000
54%
NouakchottMauritania1,310,000
54%
SantiagoChile7,800,000
54%
BudapestHungary2,625,000
53%
Buenos AiresArgentina16,600,000
53%
Da NangVietnam1,210,000
53%
DonetskUkraine1,440,000
53%
HandanChina1,730,000
53%
NairobiKenya6,100,000
53%
NurembergGermany1,200,000
53%
RanchiIndia1,470,000
53%
TangierMorocco1,140,000
53%
AtlantaUnited States5,900,000
52%
JohannesburgSouth Africa14,200,000
52%
KarachiPakistan18,200,000
52%
CaracasVenezuela3,775,000
51%
CopenhagenDenmark1,690,000
51%
FreetownSierra Leone1,860,000
51%
IzmirTurkey3,050,000
51%
ManchesterUnited Kingdom3,075,000
51%
MaomingChina1,470,000
51%
NanchangChina3,975,000
51%
NanchongChina1,240,000
51%
PuyangChina1,060,000
51%
PyongyangNorth Korea2,975,000
51%
TabrizIran1,850,000
51%
ToubaSenegal1,110,000
51%
BucharestRomania2,200,000
50%
CebuPhilippines2,775,000
50%
ColomboSri Lanka4,825,000
50%
ColumbusUnited States1,770,000
50%
EdmontonCanada1,370,000
50%
KanoNigeria4,850,000
50%
KanpurIndia3,500,000
50%
KhulnaBangladesh1,220,000
50%
NashvilleUnited States1,500,000
50%
PittsburghUnited States2,025,000
50%
PueblaMexico4,025,000
50%
Washington, D.C.United States8,550,000
50%
CalgaryCanada1,520,000
49%
IndoreIndia3,275,000
49%
Nur-SultanKazakhstan1,180,000
49%
PhiladelphiaUnited States7,350,000
49%
Phnom PenhCambodia2,575,000
49%
SingaporeSingapore7,900,000
49%
YangonMyanmar5,750,000
49%
FlorenceItaly1,000,000
48%
KinshasaDRC13,900,000
48%
KolkataIndia17,000,000
48%
LiverpoolUnited Kingdom1,880,000
48%
RichmondUnited States1,080,000
48%
ZariaNigeria1,030,000
48%
ZurichSwitzerland1,450,000
48%
CasablancaMorocco4,550,000
47%
Port-au-PrinceHaiti3,325,000
47%
AntwerpBelgium1,230,000
46%
BrasiliaBrazil4,050,000
46%
Las VegasUnited States2,300,000
46%
LucknowIndia3,800,000
46%
Panama CityPanama1,560,000
46%
Santo DomingoDominican Republic4,000,000
46%
TangshanChina2,975,000
46%
TucsonUnited States1,000,000
46%
ViennaAustria2,225,000
46%
Addis AbabaEthiopia3,900,000
45%
Kuala LumpurMalaysia9,150,000
45%
LuandaAngola8,450,000
45%
MinneapolisUnited States3,200,000
45%
NanningChina3,575,000
45%
NantongChina2,050,000
45%
NatalBrazil1,430,000
45%
OrlandoUnited States3,500,000
45%
Rio de JaneiroBrazil13,300,000
45%
RotterdamNetherlands3,275,000
45%
SuzhouChina1,180,000
45%
ValenciaSpain1,870,000
45%
ValenciaVenezuela2,025,000
45%
BangaloreIndia12,700,000
44%
BenguelaAngola1,280,000
44%
BirminghamUnited Kingdom3,150,000
44%
DamascusSyria3,900,000
44%
Dar es SalaamTanzania6,450,000
44%
GuiyangChina3,400,000
44%
MandalayMyanmar1,600,000
44%
MedellinColombia4,100,000
44%
OttawaCanada1,290,000
44%
San JoseCosta Rica2,375,000
44%
AbidjanIvory Coast5,750,000
43%
AbujaNigeria3,725,000
43%
NiameyNiger1,350,000
43%
RaleighUnited States1,690,000
43%
SapporoJapan2,500,000
43%
TripoliLibya1,290,000
43%
Xi'anChina7,100,000
43%
Abu DhabiUAE1,580,000
42%
AdelaideAustralia1,360,000
42%
ChongqingChina8,400,000
42%
Guatemala CityGuatemala3,200,000
42%
JerusalemIsrael1,010,000
42%
MogadishuSomalia2,000,000
42%
MonterreyMexico5,600,000
42%
NagoyaJapan10,500,000
42%
NanjingChina6,700,000
42%
Tel AvivIsrael2,725,000
42%
UlaanbaatarMongolia1,430,000
42%
YingkouChina1,030,000
42%
AmsterdamNetherlands2,500,000
41%
HartfordUnited States1,690,000
41%
HefeiChina5,100,000
41%
ShenyangChina8,100,000
41%
ShuyangChina1,010,000
41%
SofiaBulgaria1,300,000
41%
DniproUkraine1,380,000
40%
El PasoUnited States1,020,000
40%
GuadalajaraMexico5,550,000
40%
HangzhouChina8,600,000
40%
HuizhouChina2,875,000
40%
MannheimGermany1,580,000
40%
MashhadIran3,250,000
40%
MontrealCanada4,325,000
40%
OranAlgeria1,510,000
40%
TaiyuanChina4,175,000
40%
XiamenChina10,200,000
40%
AntananarivoMadagascar2,750,000
39%
ChittagongBangladesh5,000,000
39%
HyderabadPakistan2,325,000
39%
HyderabadIndia10,400,000
39%
KonyaTurkey1,330,000
39%
LusakaZambia2,800,000
39%
Rawalpindi / IslamabadPakistan3,550,000
39%
YerevanArmenia1,500,000
39%
DaeguSouth Korea2,725,000
38%
FuzhouChina4,100,000
38%
JacksonvilleUnited States1,470,000
38%
KampalaUganda3,675,000
38%
KathmanduNepal3,200,000
38%
MontevideoUruguay1,870,000
38%
New OrleansUnited States1,010,000
38%
San SalvadorEl Salvador1,880,000
38%
UrumqiChina4,175,000
38%
AsuncionParaguay2,375,000
37%
BamakoMali3,675,000
37%
HarareZimbabwe2,075,000
37%
KazanRussia1,260,000
37%
LanzhouChina2,925,000
37%
LiuzhouChina2,050,000
37%
LuzhouChina1,160,000
37%
MilwaukeeUnited States1,550,000
37%
NewcastleUnited Kingdom1,490,000
37%
OdessaUkraine1,110,000
37%
San DiegoUnited States3,325,000
37%
BrazzavilleCongo2,350,000
36%
GreensboroUnited States1,130,000
36%
HechuanChina1,040,000
36%
JaipurIndia4,050,000
36%
JodhpurIndia1,520,000
36%
MaputoMozambique2,350,000
36%
QingdaoChina6,250,000
36%
AleppoSyria1,940,000
35%
AlexandriaEgypt5,950,000
35%
MalagaSpain1,060,000
35%
RecifeBrazil3,850,000
35%
ZaozhuangChina1,100,000
35%
ZhengzhouChina5,100,000
35%
ZhuzhouChina1,360,000
35%
AhmedabadIndia8,750,000
34%
Belo HorizonteBrazil5,050,000
34%
ErbilIraq1,120,000
34%
IndianapolisUnited States2,025,000
34%
LinyiChina2,125,000
34%
LuoyangChina2,650,000
34%
ManaguaNicaragua1,350,000
34%
ManamaBahrain1,570,000
34%
ShymkentKazakhstan1,070,000
34%
TaichungTaiwan2,425,000
34%
TijuanaMexico2,100,000
34%
YaoundeCameroon3,500,000
34%
KigaliRwanda1,230,000
33%
NashikIndia2,150,000
33%
Saint LouisUnited States2,350,000
33%
São LuisBrazil1,450,000
33%
TegucigalpaHonduras1,170,000
33%
AlmatyKazakhstan2,175,000
32%
BuffaloUnited States1,350,000
32%
GuayaquilEcuador3,200,000
32%
MonroviaLiberia1,650,000
32%
SacramentoUnited States2,100,000
32%
SurabayaIndonesia6,150,000
32%
CincinnatiUnited States2,800,000
31%
MarrakeshMorocco1,130,000
31%
MedinaSaudi Arabia1,590,000
31%
NingboChina3,325,000
31%
Porto AlegreBrazil4,150,000
31%
SalvadorBrazil3,625,000
31%
San AntonioUnited States2,250,000
31%
UfaRussia1,130,000
31%
AshgabatTurkmenistan1,440,000
30%
DaejeonSouth Korea1,520,000
30%
FortalezaBrazil3,725,000
30%
HiroshimaJapan1,880,000
30%
IsfahanIran3,250,000
30%
NahaJapan1,210,000
30%
OuagadougouBurkina Faso2,650,000
30%
TbilisiGeorgia1,360,000
30%
WanzhouChina1,170,000
30%
WenzhouChina5,400,000
30%
BhopalIndia2,475,000
29%
LilongweMalawi1,090,000
29%
MombasaKenya1,250,000
29%
ConakryGuinea2,600,000
28%
CordobaArgentina1,680,000
28%
GuilinChina1,630,000
28%
GwaliorIndia1,430,000
28%
KaohsiungTaiwan2,775,000
28%
KochiIndia1,610,000
28%
SouthamptonUnited Kingdom1,150,000
28%
GwangjuSouth Korea1,600,000
27%
AhvazIran1,410,000
26%
ChangzhiChina1,070,000
26%
Huai'anChina2,025,000
26%
JilinChina1,550,000
26%
JinanChina4,600,000
26%
JiningChina1,270,000
26%
VolgogradRussia1,400,000
26%
YueyangChina1,170,000
26%
FukuokaJapan2,750,000
25%
HanoverGermany1,150,000
25%
KatowicePoland2,325,000
25%
MaracayVenezuela1,430,000
25%
Santa CruzBolivia2,175,000
25%
TaizhouChina2,350,000
25%
TengzhouChina1,090,000
25%
Virginia BeachUnited States1,620,000
25%
XiningChina1,500,000
25%
HohhotChina1,920,000
24%
N'DjamenaChad1,610,000
24%
NovosibirskRussia1,700,000
24%
WarriNigeria1,030,000
24%
MaracaiboVenezuela2,675,000
23%
NottinghamUnited Kingdom1,380,000
23%
Port ElizabethSouth Africa1,380,000
23%
RosarioArgentina1,380,000
23%
SamaraRussia1,300,000
23%
SemarangIndonesia2,275,000
23%
IbadanNigeria3,675,000
22%
JiangjinChina1,030,000
22%
UlsanSouth Korea1,100,000
22%
YekaterinburgRussia1,670,000
22%
AntalyaTurkey1,340,000
21%
AnyangChina1,750,000
21%
BarranquillaColombia2,150,000
21%
ChangwonSouth Korea1,030,000
21%
CixiChina2,025,000
21%
JiaozuoChina1,500,000
21%
JingzhouChina1,250,000
21%
JinzhouChina1,120,000
21%
LouisvilleUnited States1,060,000
21%
XuzhouChina2,950,000
21%
CheongjuSouth Korea1,000,000
20%
HarrisburgUnited States1,340,000
20%
LubumbashiDRC2,450,000
20%
Nizhny NovgorodRussia1,730,000
20%
RajkotIndia1,950,000
20%
RizhaoChina1,270,000
20%
YangzhouChina1,990,000
20%
ZhuhaiChina1,800,000
20%
ZiboChina3,600,000
20%
CuritibaBrazil3,450,000
19%
DenpasarIndonesia1,580,000
19%
KermanshahIran1,040,000
19%
KumasiGhana3,075,000
19%
MeridaMexico1,260,000
19%
MianyangChina1,290,000
19%
Oklahoma CityUnited States1,160,000
19%
WeifangChina2,050,000
19%
XinxiangChina2,175,000
19%
YanchengChina1,460,000
19%
YantaiChina2,250,000
19%
YichangChina1,420,000
19%
YinchuanChina1,480,000
19%
AgadirMorocco1,220,000
18%
CartagenaColombia1,150,000
18%
ChifengChina1,150,000
18%
FaisalabadPakistan3,750,000
18%
HengyangChina1,720,000
18%
SaltilloMexico1,040,000
18%
VoronezhRussia1,060,000
18%
ZigongChina1,090,000
18%
AdanaTurkey1,750,000
17%
BenxiChina1,110,000
17%
DaqingChina1,650,000
17%
GaziantepTurkey1,700,000
17%
KaifengChina1,150,000
17%
MakassarIndonesia1,920,000
17%
McAllenUnited States1,330,000
17%
MendozaArgentina1,110,000
17%
QingyuanChina1,090,000
17%
ShangqiuChina1,030,000
17%
SuqianChina1,080,000
17%
ChihuahuaMexico1,010,000
16%
CotonouBenin1,890,000
16%
JiaxingChina1,030,000
16%
PanjinChina1,050,000
16%
PingxiangChina1,060,000
16%
Port HarcourtNigeria2,425,000
16%
ValparaisoChile1,030,000
16%
ZhanjiangChina1,340,000
16%
ZhenjiangChina1,170,000
16%
Cape CoralUnited States1,130,000
15%
CochabambaBolivia1,360,000
15%
JiangyinChina2,525,000
15%
YibinChina1,060,000
15%
YiwuChina1,700,000
15%
ZunyiChina1,280,000
15%
ChelyabinskRussia1,400,000
14%
FuyangChina1,270,000
14%
KrasnoyarskRussia1,120,000
14%
PeshawarPakistan2,425,000
14%
XiangtanChina1,430,000
14%
XingtaiChina1,580,000
14%
CampinasBrazil3,250,000
13%
ChonburiThailand1,400,000
13%
GoianiaBrazil2,450,000
13%
San Pedro SulaHonduras1,230,000
13%
SaratovRussia1,080,000
13%
XiangyangChina1,940,000
13%
AmritsarIndia1,430,000
12%
AngelesPhilippines1,520,000
12%
ArequipaPeru1,130,000
12%
PalembangIndonesia1,740,000
12%
YogyakartaIndonesia1,970,000
12%
CucutaColombia1,000,000
11%
DushanbeTajikistan1,030,000
11%
ShijiazhuangChina4,800,000
11%
SrinagarIndia1,640,000
11%
TolucaMexico2,550,000
11%
GujranwalaPakistan2,875,000
10%
KisanganiDRC1,150,000
10%
KitakyushuJapan2,000,000
10%
OkayamaJapan2,175,000
10%
VitoriaBrazil1,870,000
10%
FlorianopolisBrazil1,010,000
9%
TorreonMexico1,370,000
9%
Bandar LampungIndonesia1,220,000
8%
CoimbatoreIndia2,775,000
8%
KanangaDRC1,210,000
8%
MaceioBrazil1,120,000
8%
San Miguel de TucumanArgentina1,030,000
8%
ShizuokaJapan1,130,000
8%
AguascalientesMexico1,150,000
7%
BucaramangaColombia1,280,000
7%
DiyarbakırTurkey1,060,000
7%
KumamotoJapan1,150,000
7%
MaiduguriNigeria1,250,000
7%
Mbuji-MayiDRC2,175,000
7%
San Luis PotosiMexico1,310,000
7%
SurakartaIndonesia1,650,000
7%
VaranasiIndia1,970,000
7%
ChandigarhIndia2,425,000
6%
CirebonIndonesia1,130,000
6%
KayseriTurkey1,110,000
6%
QiqiharChina1,050,000
6%
QueretaroMexico1,540,000
6%
SolapurIndia1,100,000
6%
TeresinaBrazil1,040,000
6%
AllahabadIndia1,490,000
5%
BareillyIndia1,350,000
5%
BarquisimetoVenezuela1,310,000
5%
CuernavacaMexico1,170,000
5%
EnuguNigeria1,030,000
5%
KadunaNigeria1,940,000
5%
MaduraiIndia1,820,000
5%
OnitshaNigeria1,240,000
5%
AligarhIndia1,280,000
4%
AsansolIndia1,640,000
4%
HamamatsuJapan1,310,000
4%
IlorinNigeria1,120,000
4%
João PessoaBrazil1,140,000
4%
PekanbaruIndonesia1,250,000
4%
PingdingshanChina1,040,000
4%
VadodaraIndia2,250,000
4%
AurangabadIndia1,850,000
3%
BhubaneswarIndia1,940,000
3%
GuwahatiIndia1,160,000
3%
KarawangIndonesia1,220,000
3%
Ma'anshanChina1,210,000
3%
QinhuangdaoChina1,370,000
3%
TiruppurIndia1,450,000
3%
VijayawadaIndia2,075,000
3%
VisakhapatnamIndia2,250,000
3%
ZhangjiakouChina1,530,000
3%
JabalpurIndia1,510,000
2%
JalandharIndia1,140,000
2%
JamshedpurIndia1,700,000
2%
KozhikodeIndia1,030,000
2%
LianyungangChina1,180,000
2%
LudhianaIndia2,000,000
2%
MoradabadIndia1,300,000
2%
SiliguriIndia1,050,000
2%
TiruchirappalliIndia1,230,000
2%
SaharanpurIndia1,020,000
1%

Score Distribution

Percentile by Number Answered

Percent of People with Each Score

Your Score History

You have not taken this quiz